| 000 | 00517nam a2200205Ia 4500 | ||
|---|---|---|---|
| 008 | 170203s9999 xx 000 0 und d | ||
| 020 | _a0-721415776 | ||
| 050 | _aFic | ||
| 050 | _bH937r | ||
| 100 | _aHunia, Fran. | ||
| 245 | _aRed Riding Hood / | ||
| 245 | _cby Fran Hunia ; il. by Kathie Layfield. | ||
| 260 | _aLoughborough : | ||
| 260 | _bLadybird books, | ||
| 260 | _c1993 | ||
| 300 | _a44 pages : | ||
| 300 | _bcolor illustrations. | ||
| 650 | _aFairy tales. | ||
| 700 | _aLayfield, Kathie. Ill. | ||
| 999 |
_c306665 _d306665 |
||